| 000 | 01194nam a2200253Ia 4500 | ||
|---|---|---|---|
| 003 | OSt | ||
| 005 | 20200916211615.0 | ||
| 008 | 191128s2004 ck gr 000 0dspa d | ||
| 020 | _a9587042301 | ||
| 040 |
_aCO-JMCR _cCO-JMCR |
||
| 041 | 0 | _aspa | |
| 082 | 0 | 4 |
_a790.13 / _bC172c _223 |
| 100 | 1 |
_aCamacho Ramírez, Arturo, _eautor _910333 |
|
| 245 | 1 | 1 |
_a¿Cuál es su hobby? : _bentrevistas radiales / _cArturo Camacho Ramírez |
| 260 |
_aBogotá : _bAguilar, _c2004 |
||
| 300 |
_a353 páginas ; _c24 cm. |
||
| 500 | _aIncluye datos biográficos en solapa. | ||
| 505 | 0 | _aEnrique Uribe White -- Enrique Caballero Escovar -- Juan Lozano y Lozano -- José María Alfaro y Polanco -- Carlos Holguín Holguín -- Abelardo Forero Bnavides -- Augusto Ramírez Moreno -- Hernando Téllez | |
| 520 | 3 | _aEn 1954 se transmitió por primera vez ¿Cuál es su hobby?, un programa radial de la HJCK en el que Arturo Camacho Ramírez entrevistaba a una serie de personalidades. El presente libro reúne las transcripciones de algunas de estas entrevistas. | |
| 650 | 1 | 4 |
_aRelatos personales _9676 |
| 650 | 1 | 4 |
_aPersonajes colombianos _910334 |
| 650 | 1 | 4 |
_aEntrevista en radio _910335 |
| 942 |
_2ddc _cBK |
||
| 999 |
_c4034 _d4034 |
||